000 00778cam a2200265 4500
008 090401t1993 xxu||||| |||| 00| 0 eng d
020 _a0854598170
035 _a(Sirsi) u71878
041 _aeng
050 _a336.185
100 _aStewart, Chris
245 2 _aA guide to the Council Tax.
260 _aCroydon
_bTolley Publishing Company Ltd.
_c1993
300 _axvi,136p. ; 23cm.
350 _a21.95
520 _aA practical guide dealing with all aspects of the tax, which came into operation in 1993. Includes a chapter on valuation for Council Tax.
650 _aAPPEALS
650 _aCOUNCIL TAX
650 _aEXEMPT DWELLINGS
650 _aValuation
_96273
690 _aTAXATION
700 _aReynolds, Steven
942 _n0
948 _c04/03/1997
999 _c95453
_d95453